[Event "Challenge"]
[Site "http://www.queenalice.com/game.php?id=562160"]
[Date "2009.3.26"]
[Round "-"]
[White "Piritubachess"]
[Black "marcet"]
[Result "0-1"]
[WhiteElo "1848"]
[BlackElo "1907"]

1. e4 e6 2. Nf3 d5 3. exd5 exd5 4. d4 Nf6 5. Nc3 Bg4 6. Be2 Nbd7 7. Bg5 Bb4 8.
O-O Bxc3 9. bxc3 O-O 10. h3 Bh5 11. c4 c6 12. cxd5 cxd5 13. Rb1 b6 14. Rb5 Qc7
15. Bxf6 Nxf6 16. Re1 a6 17. Rb3 a5 18. a4 Rae8 19. Ne5 Bg6 20. Nxg6 fxg6 21.
Bb5 Rxe1+ 22. Qxe1 Qxc2 23. Re3 h5 24. Re7 Rb8 25. Qe6+ Kh7 26. Qf7 Kh6 27. h4
Qd1+ 28. Kh2 Ng4+ 29. Kh3 Qxd4 30. Re6 Nxf2+ 31. Kh2 Qxh4+ 32. Kg1 Qg3 33. Qf3
Qxf3 34. gxf3 Nh3+ 35. Kg2 Nf4+ 36. Kg3 Nxe6 37. Bd7 Nc5 38. Bb5 d4 39. Kf2 h4
40. Kg2 d3 41. Kf2 h3 42. Kg3 d2 43. Be2 Nxa4 44. Kxh3 Nc3 0-1

[Event "Challenge"]
[Site "http://www.queenalice.com/game.php?id=562161"]
[Date "2009.3.26"]
[Round "-"]
[White "Olar"]
[Black "marcet"]
[Result "1-0"]
[WhiteElo "1838"]
[BlackElo "1932"]

1. Nf3 e6 2. c4 Nf6 3. Nc3 Nc6 4. g3 d5 5. Bg2 Bc5 6. cxd5 Nxd5 7. O-O Bd7 8.
Nxd5 exd5 9. Qb3 b6 10. Qxd5 O-O 11. d4 Be7 12. Be3 Qe8 13. Rac1 Bd6 14. Qh5 Qe6
15. Ng5 Qg6 16. Qxg6 fxg6 17. Bxc6 Bxc6 18. Rxc6 h6 19. Ne4 Rad8 20. Nxd6 Rxd6
21. Rxc7 a5 22. Rfc1 Kh7 23. Rb7 g5 24. Rcc7 Rg8 25. Bd2 Kg6 26. Bc3 Kh5 27.
Rxg7 1-0

[Event "Challenge"]
[Site "http://www.queenalice.com/game.php?id=565894"]
[Date "2009.4.3"]
[Round "-"]
[White "laoziller"]
[Black "marcet"]
[Result "0-1"]
[WhiteElo "1861"]
[BlackElo "1918"]

1. e4 e6 2. d4 d5 3. e5 c5 4. Bb5+ Bd7 5. Bxd7+ Nxd7 6. c3 Ne7 7. Bg5 Qb6 8. b3
Nf5 9. Nf3 Qb5 10. Na3 Qa5 11. Nb1 Qa6 12. Nh4 Nxh4 13. Bxh4 cxd4 14. cxd4 Bb4+
15. Nd2 Bc3 16. Rc1 Bxd4 17. Nf3 Bxe5 18. Nxe5 Nxe5 19. Rc3 O-O 20. a4 Rfe8 21.
b4 f6 22. b5 Qa5 23. Qd4 Rac8 24. Kd2 Nc4+ 25. Kc2 Qxa4+ 0-1

[Event "Challenge"]
[Site "http://www.queenalice.com/game.php?id=567804"]
[Date "2009.4.6"]
[Round "-"]
[White "marcet"]
[Black "REUSKING"]
[Result "1-0"]
[WhiteElo "1921"]
[BlackElo "1972"]

1. d4 d5 2. c4 e6 3. Nc3 Nf6 4. Bg5 Be7 5. e3 O-O 6. Bd3 Nbd7 7. Qc2 c6 8. Nf3
dxc4 9. Bxc4 Nd5 10. Bxe7 Qxe7 11. Nd2 Nxc3 12. Qxc3 e5 13. O-O e4 14. f3 Nf6
15. fxe4 Nxe4 16. Nxe4 Qxe4 17. Rf4 Qg6 18. Raf1 Be6 19. Qb4 Bxc4 20. Qxc4 Qe6
21. Qxe6 fxe6 22. Re4 Rxf1+ 23. Kxf1 Kf7 24. g4 Ke7 25. Ke2 Rf8 26. b4 Kd6 27.
h4 Rf7 28. a4 Kd5 29. Kd3 Rf2 30. Re5+ Kd6 31. h5 h6 32. Kc4 b6 33. b5 c5 34.
Re4 Ra2 35. Kb3 Rf2 36. dxc5+ bxc5 37. a5 Rf7 38. a6 Re7 39. Kc4 e5 40. b6 axb6
41. Kb5 Kd5 42. Rc4 Rf7 43. e4+ Kd6 44. Kxb6 1-0

[Event "Challenge"]
[Site "http://www.queenalice.com/game.php?id=587927"]
[Date "2009.5.14"]
[Round "-"]
[White "siocnarf"]
[Black "marcet"]
[Result "1-0"]
[WhiteElo "2043"]
[BlackElo "1915"]

1. e4 e6 2. d3 Nc6 3. Nc3 Bb4 4. Nf3 Nf6 5. Be2 Bxc3+ 6. bxc3 b6 7. Ba3 d6 8.
O-O O-O 9. e5 Nd5 10. Qd2 Re8 11. c4 Nde7 12. exd6 cxd6 13. Rab1 Nf5 14. Rfe1
Qf6 15. Ng5 Bb7 16. Ne4 Qg6 17. Nxd6 Nxd6 18. Bxd6 Rad8 19. Bf4 Ne5 20. Bg3 Rd4
21. Qc3 Nc6 22. Bf3 Rd7 23. c5 Rc8 24. Rb2 bxc5 25. Reb1 Ba6 26. Qa3 Bxd3 27.
Bxc6 Rxc6 28. Rb8+ 1-0

[Event "Challenge"]
[Site "http://www.queenalice.com/game.php?id=589449"]
[Date "2009.5.16"]
[Round "-"]
[White "DDK"]
[Black "marcet"]
[Result "0-1"]
[WhiteElo "1783"]
[BlackElo "1915"]

1. e4 e6 2. Nf3 d5 3. exd5 exd5 4. d4 Bg4 5. h3 Bh5 6. g4 Bg6 7. Qe2+ Be7 8. Bg5
Nc6 9. Bg2 Qd6 10. Bxe7 Qxe7 0-1

[Event "Challenge"]
[Site "http://www.queenalice.com/game.php?id=590793"]
[Date "2009.5.19"]
[Round "-"]
[White "pgrzelak"]
[Black "marcet"]
[Result "1-0"]
[WhiteElo "1916"]
[BlackElo "1941"]

1. e4 e6 2. e5 d5 3. d4 c5 4. c3 Nc6 5. Bb5 Bd7 6. Nf3 cxd4 7. cxd4 Qb6 8. Nc3
Bb4 9. Bxc6 Bxc3+ 10. bxc3 Qxc6 11. Qd3 O-O-O 12. Bb2 Qb5 13. Qxb5 Bxb5 14. a4
Bc4 15. Nd2 Bd3 16. Rd1 f5 17. exf6 Nxf6 18. Nf3 Bc2 19. Ra1 Bd3 20. Ne5 Bg6 21.
O-O Ne4 22. f3 Nd6 23. Ba3 Kc7 24. Rac1 Rc8 25. Nxg6 hxg6 26. Bxd6+ Kxd6 27. Rc2
Rc4 28. Ra1 Rhc8 29. Ra3 Rxd4 30. Kf2 a6 31. Rb2 Rdc4 32. Rxb7 Rxc3 33. Rxc3
Rxc3 34. Rxg7 d4 35. Ke2 Ke5 36. Rxg6 d3+ 37. Kd2 Kd4 38. Rg4+ 1-0

[Event "I hate whoever plays me"]
[Site "http://www.queenalice.com/game.php?id=597386"]
[Date "2009.6.2"]
[Round "-"]
[White "marcet"]
[Black "Homedepotov"]
[Result "0-1"]
[WhiteElo "1924"]
[BlackElo "1771"]

1. d4 Nf6 2. Nc3 d5 3. Nf3 Nc6 4. Bf4 a6 5. e3 e6 6. a3 Bd6 7. Bg5 h6 8. Bh4 O-O
9. b4 Be7 10. Bd3 Nd7 11. Bxe7 Qxe7 12. O-O Nf6 13. Ne2 e5 14. c3 e4 0-1

[Event "Let's Play Chess!"]
[Site "http://www.queenalice.com/game.php?id=597512"]
[Date "2009.6.2"]
[Round "-"]
[White "ulisses34"]
[Black "marcet"]
[Result "1-0"]
[WhiteElo "1784"]
[BlackElo "1928"]

1. e4 e6 2. d4 d5 3. e5 c5 4. c3 Nc6 5. Nf3 cxd4 6. cxd4 Nge7 7. Bd3 Qa5+ 8. Bd2
Qb6 9. Bc3 g6 10. Qd2 Nf5 11. Bxf5 exf5 12. O-O Bg7 13. Qe2 O-O 14. Re1 Be6 15.
Nbd2 Qd8 16. Nb3 b6 17. a3 a5 18. Rac1 Qd7 19. Qb5 Rab8 20. Bd2 Rfc8 21. Ng5 h6
22. Nf3 f6 23. exf6 Bxf6 24. Bxh6 Ne7 25. Qe2 Kf7 26. Ne5+ Bxe5 27. Qxe5 Rg8 28.
Nd2 Nc6 29. Qe3 Rbe8 30. Nf3 Re7 31. Ne5+ Nxe5 32. Qxe5 Qe8 33. Bg5 1-0

[Event "Let's Play Chess!"]
[Site "http://www.queenalice.com/game.php?id=597513"]
[Date "2009.6.2"]
[Round "-"]
[White "traub"]
[Black "marcet"]
[Result "0-1"]
[WhiteElo "1945"]
[BlackElo "1912"]

1. e4 e6 2. d4 d5 3. Nc3 c5 4. exd5 exd5 5. dxc5 Nf6 6. Be3 Nc6 7. Bb5 Bd7 8.
Nxd5 Nxd5 9. Qe2 Be7 10. Nf3 O-O 11. O-O Re8 12. Qc4 Nxe3 13. fxe3 a6 14. Bxc6
bxc6 15. Rad1 Qc7 16. Nd4 Rf8 17. Rf4 Kh8 18. Rdf1 Bf6 19. b4 Rae8 20. e4 Be6
21. Nxe6 Rxe6 22. g4 Be5 23. R4f2 Rh6 24. Qe2 Bd4 0-1

[Event "Let's Play Chess!"]
[Site "http://www.queenalice.com/game.php?id=597584"]
[Date "2009.6.2"]
[Round "-"]
[White "PROFALEXANDRE"]
[Black "marcet"]
[Result "0-1"]
[WhiteElo "1631"]
[BlackElo "1926"]

1. e4 e6 2. d4 d5 3. e5 c5 4. Nf3 Nc6 5. Bb5 Bd7 6. dxc5 Bxc5 7. O-O a6 8. Bxc6
Bxc6 9. Nc3 Ne7 10. Bg5 d4 11. Ne2 Bxf3 12. gxf3 Qd5 13. Bf4 Qxf3 14. Bg3 Nf5
15. Qd3 Qg4 16. f3 Qg5 17. f4 Qg4 18. Rab1 Ne3 19. Rf2 O-O 20. b4 Bb6 21. a4
Rad8 22. a5 Ba7 23. b5 Nxc2 24. Qxc2 d3 25. Qd2 Bxf2+ 26. Kxf2 dxe2 27. Qxe2
Qxe2+ 28. Kxe2 Rd5 29. bxa6 bxa6 30. Ke3 Rxa5 31. Kf3 Ra3+ 32. Kg4 a5 33. h4 Rd3
34. Rb5 Ra8 35. f5 exf5+ 36. Kf4 a4 37. h5 g5+ 38. Kxg5 Rxg3+ 39. Kxf5 a3 40.
Kf6 a2 41. Rb7 Rf3+ 42. Ke7 a1=Q 43. e6 Qf6+ 44. Kd7 Rd3+ 45. Kc7 Qd8+ 46. Kc6
Qd6+ 47. Kb5 Rb3+ 48. Kc4 Qd3+ 49. Kc5 Rc8+ 50. Rc7 Rxc7# 0-1

[Event "Let's Play Chess!"]
[Site "http://www.queenalice.com/game.php?id=597977"]
[Date "2009.6.3"]
[Round "-"]
[White "Panzer85"]
[Black "marcet"]
[Result "0-1"]
[WhiteElo "1605"]
[BlackElo "1902"]

1. e4 e6 2. d3 d5 3. e5 d4 4. Nf3 c5 5. Nbd2 Nc6 6. c4 dxc3 7. bxc3 Nge7 8. Ne4
Ng6 9. d4 b6 10. Rb1 Be7 11. Bd3 O-O 12. O-O Bb7 13. Ba3 cxd4 14. cxd4 Bxa3 15.
Nfd2 Nxd4 16. Nd6 Bxd6 17. exd6 Qxd6 18. Ne4 Qe5 19. Re1 Qd5 20. Re2 Nxe2+ 21.
Qxe2 Nf4 22. Rb5 Qxd3 23. Qxd3 Nxd3 0-1

[Event "Challenge"]
[Site "http://www.queenalice.com/game.php?id=598129"]
[Date "2009.6.3"]
[Round "-"]
[White "Mannu"]
[Black "marcet"]
[Result "0-1"]
[WhiteElo "1962"]
[BlackElo "1906"]

1. e4 e6 2. d3 d5 3. exd5 exd5 4. Nc3 Bb4 5. Bd2 Nf6 6. Nf3 O-O 7. Be2 c5 8. O-O
Nc6 9. Bg5 Bxc3 10. bxc3 Qd6 11. Bh4 Re8 12. Re1 Bd7 13. Bg3 Qe6 14. d4 c4 15.
Bxc4 Qf5 16. Bd3 Rxe1+ 17. Qxe1 Qh5 18. Rb1 b6 19. c4 Re8 20. Qd2 Ne4 21. Qf4 g6
22. Qc7 Nf6 0-1

[Event "Let's Play Chess!"]
[Site "http://www.queenalice.com/game.php?id=598557"]
[Date "2009.6.4"]
[Round "-"]
[White "Attia"]
[Black "marcet"]
[Result "0-1"]
[WhiteElo "1722"]
[BlackElo "1906"]

1. e4 e6 2. Nf3 d5 3. Be2 b6 4. e5 Ne7 5. d4 Nf5 6. c3 c5 7. O-O Nc6 8. Bg5 Be7
9. Qc1 cxd4 10. cxd4 Bxg5 11. Nxg5 Qe7 12. Qxc6+ Qd7 13. Qxa8 O-O 14. Qb8 Ba6
0-1

[Event "Let's Play Chess!"]
[Site "http://www.queenalice.com/game.php?id=598559"]
[Date "2009.6.4"]
[Round "-"]
[White "GMNeny"]
[Black "marcet"]
[Result "1-0"]
[WhiteElo "1904"]
[BlackElo "1929"]

1. d4 d5 2. c4 e6 3. Nc3 Bb4 4. Qc2 Nf6 5. Nf3 Bxc3+ 6. bxc3 h6 7. Ba3 b6 8.
cxd5 Qxd5 9. g3 c5 10. Bg2 Bb7 11. Rd1 Qh5 12. dxc5 Nbd7 13. cxb6 axb6 14. Bb4
Nc5 15. Bxc5 bxc5 16. O-O O-O 17. Nh4 Bxg2 18. Kxg2 g6 19. h3 Kg7 20. Rd2 Rh8
21. a4 g5 22. Nf3 g4 23. hxg4 Qxg4 24. Nh2 Qh5 25. Rh1 Rag8 26. Nf3 Qg6 27.
Qxg6+ Kxg6 28. Ne5+ Kg7 29. f3 h5 30. Kf2 Nd5 31. c4 Nb6 32. Ra1 f6 33. Nd3 Rd8
34. a5 Nxc4 35. Rc2 Rd4 36. Nxc5 Kf7 37. a6 Nb6 38. Nd3 h4 39. gxh4 Rdxh4 40.
Rc7+ Kg6 41. Rg1+ Kf5 42. e4+ 1-0

[Event "Let's Play Chess!"]
[Site "http://www.queenalice.com/game.php?id=598560"]
[Date "2009.6.4"]
[Round "-"]
[White "edgarchiroleo"]
[Black "marcet"]
[Result "0-1"]
[WhiteElo "1643"]
[BlackElo "1924"]

1. e4 e6 2. Nf3 d5 3. e5 c5 4. c4 d4 5. d3 Ne7 6. Bg5 Nbc6 7. Nbd2 Qc7 8. a3
Nxe5 9. Bf4 N7g6 10. Qe2 Bd6 11. Nxe5 Nxf4 12. Qe4 Bxe5 13. Nf3 f6 14. g3 Ng6
15. g4 Qa5+ 16. Kd1 O-O 17. Qe2 a6 18. g5 f5 19. Nxe5 Nxe5 20. Qxe5 Qa4+ 21. Kd2
Qb3 22. Rb1 b5 23. Bg2 Ra7 24. Qxc5 Raf7 25. Qxd4 Rd7 26. Qc3 bxc4 27. Qxb3 cxb3
28. Rbc1 a5 29. a4 e5 30. Ke2 Ba6 0-1

[Event "Challenge"]
[Site "http://www.queenalice.com/game.php?id=625637"]
[Date "2009.7.27"]
[Round "-"]
[White "marcet"]
[Black "Andreu"]
[Result "0-1"]
[WhiteElo "1939"]
[BlackElo "2002"]

1. d4 d5 2. c4 e6 3. Nc3 c5 4. Nf3 Nf6 5. Bg5 Be7 6. e3 O-O 7. b3 Nc6 8. Bd3 a6
9. O-O dxc4 10. bxc4 b6 11. Qc2 g6 12. Rad1 Qc7 13. Bxf6 Bxf6 14. Be4 Bb7 15. d5
exd5 16. Nxd5 Qd8 17. Qe2 Re8 18. Nxf6+ Qxf6 19. Bd5 Rab8 20. g3 Rbd8 21. Rd2
Na5 22. Rfd1 Bxd5 23. Rxd5 Rxd5 24. Rxd5 Qc3 25. Nd2 Qc2 26. Qf3 Nxc4 27. Ne4
Rxe4 28. Qf6 Re8 29. Rd7 Rf8 30. a3 Qc1+ 31. Kg2 Qxa3 32. h4 Qb2 33. Qf4 Qc2 34.
h5 a5 35. Qg5 Qf5 36. Qxf5 gxf5 37. Ra7 Rc8 38. Kf3 b5 39. Kf4 b4 0-1

[Event "Challenge"]
[Site "http://www.queenalice.com/game.php?id=654706"]
[Date "2009.9.19"]
[Round "-"]
[White "uschmidi"]
[Black "marcet"]
[Result "1-0"]
[WhiteElo "2015"]
[BlackElo "1905"]

1. d4 d5 2. Nf3 b6 3. g3 Nc6 4. Bg2 Nf6 5. Nc3 e6 6. Bf4 Bd6 7. Bxd6 Qxd6 8. O-O
O-O 9. Nb5 Qe7 10. Qd2 a6 11. Na3 Ne4 12. Qe3 f5 13. c4 dxc4 14. Nxc4 Bd7 15.
Nfe5 Nb4 16. Bxe4 fxe4 17. Qxe4 b5 18. Nxd7 Qxd7 19. Ne5 Qe7 20. a3 Nd5 21. Nc6
Qf6 22. e3 Rae8 23. Ne5 Re7 24. Rac1 Qh6 25. Rc6 Nf6 26. Qc2 1-0

[Event "Challenge #01"]
[Site "http://www.queenalice.com/game.php?id=662964"]
[Date "2009.10.5"]
[Round "-"]
[White "Aylton"]
[Black "marcet"]
[Result "1-0"]
[WhiteElo "2025"]
[BlackElo "1917"]

1. d4 d5 2. Nf3 e6 3. e3 c5 4. c4 Nf6 5. Nc3 g6 6. a3 Bg7 7. Be2 b6 8. O-O O-O
9. h3 Bb7 10. b3 Nbd7 11. Bb2 Qe7 12. Rc1 Bc6 13. cxd5 Nxd5 14. Nxd5 Bxd5 15.
Qc2 Rac8 16. Qd1 f5 17. Ba6 Rce8 18. Re1 h5 19. Ne5 Bxe5 20. dxe5 Qg5 21. f3 Qg3
22. Bb5 Re7 23. Bxd7 Rxd7 24. b4 c4 25. Bd4 Rff7 26. Qe2 b5 27. Qf2 Qg5 28. Kh2
f4 29. e4 Bc6 30. Bc3 1-0

[Event "Challenge #02"]
[Site "http://www.queenalice.com/game.php?id=662965"]
[Date "2009.10.5"]
[Round "-"]
[White "marcet"]
[Black "Aylton"]
[Result "0-1"]
[WhiteElo "1930"]
[BlackElo "2012"]

1. d4 Nf6 2. Nc3 d5 3. Nf3 e6 4. Bg5 h6 5. Bh4 c5 6. b3 Nc6 7. e3 cxd4 8. Nxd4
Bd7 9. Qf3 Nxd4 10. exd4 Be7 11. Bd3 O-O 12. O-O a6 13. Ne2 Rc8 14. Nf4 Nh7 15.
Bxe7 Qxe7 16. Bxh7+ Kxh7 17. h3 Bb5 18. Rfe1 Qf6 19. c3 g5 20. Nh5 Qxf3 21. gxf3
Rxc3 22. Kg2 Kg6 23. Ng3 Rfc8 24. Re3 Rxe3 25. fxe3 Rc2+ 26. Kh1 Rf2 27. a4 Bc6
28. Rf1 Rb2 29. f4 Rxb3 30. f5+ exf5 0-1